00904nam a2200277 u 4500001001000000003000900010005001700019007001000036008003700046040002200083082003000105092002000135100002800155245005100183260005000234300002300284490001000307586003700317590002600354650002500380650002700405910004000432942001200472952012700484999001500611000020481DO-SdBNP20240419105806.0000020481100809s1986 dr r 000 p spa d aBPMSUbspacBPMSU 4aRD8861.44bC355e 1986222 aRD861.44bC355e1 aCastro, Tomás,d1959-10aEntre la espada y el espejo /cTomás Castro. aSanto Domingo :bBiblioteca Nacional, c1986. a88 p. ;c21 cm.b 0 aOrfeo aPremio Biblioteca Nacional, 1986 aInventariado, 2024/VM 4aPoesía dominicana  4aLiteratura dominicana  aVMateo V. Control de calidad. BPMSU 2ddccBK 00102ddc40708CDaBPMETbBPMETd2015-02-17l0oBPMSU CD RD8861.44 C355e 1986pBPMSU15041340r2015-02-17w2015-02-17yBK c7422d7422